000 00804cam a22002771 4500
001 12178
003 BD-RjUL
005 20211208235240.0
008 140128s1963 xx 001 0 eng
035 _a(BD-RjUL)12227
035 _a(OCoLC)14622514
040 _aDLC
_cDNLM
_dOCoLC
_dNNCU-G
_dDLC
_dBD-RjUL
_beng
041 _aeng
060 0 _aWZ 40
_bK53g 1963
082 _a616.09
_bKIG
100 1 _aKing, Lester S.
_q(Lester Snow),
_d1908-
_937715
245 1 4 _aThe growth of medical thought.
260 _a[Chicago] :
_bUniv. of Chicago Press ,
_cc1963.
300 _axi, 254 p.
_c21 cm.
504 _aIncludes index.
650 0 _aDiseases
_xCauses and theories of causation.
_937716
650 0 _aMedicine
_xHistory.
_937717
942 _2ddc
_cBK
999 _c12178
_d12178